Statistics for Countries of the World - with a map but no incentives

Click here to take the quiz!

General Stats

  • This quiz has been taken 232 times
  • The average score is 146 of 196

Answer Stats

Country% Correct
United States
93%
Canada
92%
Mexico
88%
Brazil
85%
United Kingdom
85%
Australia
83%
Finland
83%
Russia
83%
Argentina
82%
China
82%
Japan
82%
Chile
81%
Cuba
81%
Iceland
81%
Austria
80%
Bahamas
80%
Colombia
80%
Dominica
80%
Ecuador
80%
France
80%
Greece
80%
Haiti
80%
Ireland
80%
Israel
80%
Italy
80%
Norway
80%
Peru
80%
Portugal
80%
Spain
80%
Sweden
80%
Bolivia
79%
Denmark
79%
Egypt
79%
Germany
79%
Guatemala
79%
India
79%
Jamaica
79%
New Zealand
79%
Niger
79%
Panama
79%
Paraguay
79%
Belize
78%
Honduras
78%
Iran
78%
Morocco
78%
Nigeria
78%
North Korea
78%
Pakistan
78%
Turkey
78%
Uruguay
78%
Algeria
77%
Dominican Republic
77%
El Salvador
77%
Estonia
77%
Indonesia
77%
Iraq
77%
Latvia
77%
Malaysia
77%
Netherlands
77%
South Korea
77%
Ukraine
77%
Venezuela
77%
Belgium
76%
Costa Rica
76%
Cyprus
76%
Democratic Republic
of the Congo
76%
Kazakhstan
76%
Lithuania
76%
Luxembourg
76%
Mongolia
76%
Oman
76%
Poland
76%
Romania
76%
Slovakia
76%
Slovenia
76%
Switzerland
76%
United Arab Emirates
76%
Yemen
76%
Afghanistan
75%
Albania
75%
Belarus
75%
Côte d'Ivoire
75%
Ethiopia
75%
Grenada
75%
Guyana
75%
Jordan
75%
Libya
75%
Malta
75%
Montenegro
75%
Qatar
75%
Republic of the Congo
75%
Saudi Arabia
75%
Serbia
75%
South Africa
75%
Sudan
75%
Thailand
75%
Vietnam
75%
Andorra
74%
Bosnia and
Herzegovina
74%
Chad
74%
Croatia
74%
Czech Republic
74%
Ghana
74%
Liechtenstein
74%
Madagascar
74%
Nepal
74%
Vatican City
74%
Zimbabwe
74%
Benin
73%
Hungary
73%
Kenya
73%
Mali
73%
Philippines
73%
San Marino
73%
Senegal
73%
Sri Lanka
73%
Suriname
73%
Syria
73%
Taiwan
73%
Togo
73%
Uganda
73%
Angola
72%
Azerbaijan
72%
Barbados
72%
Burma
72%
Cambodia
72%
Cape Verde
72%
Eritrea
72%
Georgia
72%
Kosovo
72%
Laos
72%
Moldova
72%
Monaco
72%
Namibia
72%
Nicaragua
72%
Papua New Guinea
72%
Rwanda
72%
Saint Kitts and Nevis
72%
Saint Lucia
72%
Singapore
72%
South Sudan
72%
Tanzania
72%
Trinidad and Tobago
72%
Uzbekistan
72%
Zambia
72%
Fiji
71%
Gambia
71%
Kuwait
71%
Lebanon
71%
Liberia
71%
Macedonia
71%
Maldives
71%
Mozambique
71%
Saint Vincent and
the Grenadines
71%
Seychelles
71%
Tonga
71%
Tunisia
71%
Antigua and Barbuda
70%
Armenia
70%
Bahrain
70%
Bangladesh
70%
Bhutan
70%
Burkina Faso
70%
Cameroon
70%
Central African Republic
70%
Djibouti
70%
Federated States of
Micronesia
70%
Kiribati
70%
Kyrgyzstan
70%
Lesotho
70%
Somalia
70%
Tajikistan
70%
Botswana
69%
Brunei
69%
Bulgaria
69%
Burundi
69%
Comoros
69%
Equatorial Guinea
69%
Gabon
69%
Guinea
69%
Guinea-Bissau
69%
Malawi
69%
Marshall Islands
69%
Nauru
69%
Samoa
69%
Solomon Islands
69%
Swaziland
69%
Turkmenistan
69%
Mauritania
68%
Mauritius
68%
Palau
68%
São Tomé and Príncipe
67%
Sierra Leone
67%
Tuvalu
67%
East Timor
66%
Vanuatu
66%

Score Distribution

Percentile by Number Answered

Percent of People with Each Score

Your Score History

You have not taken this quiz